| 000 | 00985nam a22002537a 4500 | ||
|---|---|---|---|
| 005 | 20240305165615.0 | ||
| 007 | cr|||| |||| | ||
| 008 | 210904s2016 ca |||||s|||| 00||0 eng d | ||
| 020 | _a978-1-55221-419-0 | ||
| 035 | _a35294 | ||
| 040 | _avLex | ||
| 090 |
_c12245 _d12245 |
||
| 100 | 1 | _aCoughlan, Steve | |
| 245 | 1 | 0 |
_aCriminal Procedure _h[Recurso electrónico] / _cSteve Coughlan |
| 250 | _aTercera Edición | ||
| 256 | _aServicio en línea | ||
| 260 |
_aToronto: _bIrwin Law Inc., _c2016 |
||
| 300 | _a1 recurso electrónico | ||
| 506 | 1 |
_aDisponible solo en los productos indicados _dvLex Global _dvLex Global (Academic Edition, excluding Law Schools) _dvLex Global (U.S. Academic Edition, Law Schools) _dvLex Global (U.S. Academic Edition, excluding Law Schools) _dvLex Global (Academic Edition, Law Schools) |
|
| 650 | 0 | 4 |
_aProcedimiento Penal _zCanadá |
| 740 | 0 | _avLex Libros (Servicio en línea) | |
| 856 | 4 | 0 | _uhttps://app.vlex.com/#/sources/35294 |
| 942 | _cRAA | ||
| 999 |
_c170481 _d170481 |
||